Perly české dechovky. 7

Korporativní autor: Podhoranka (hudební skupina : Trhové Sviny, Česko)
Další autoři: Babouci (hudební skupina), Galánečka Kamila Bartáka (hudební skupina)
Jazyk: Čeština
Vydáno: [Skalica] : Československá muzika, [200-?]
Témata:
Fyzický popis: 1 zvuková kazeta (63:17) : analog, Dolby systém
Zvukové nahrávky
Uloženo v:
LEADER 01760njm a2200385 a 4500
001 001089966
003 CZ BrMZK
005 20100510144805.0
007 ss lsnjlcmpnze
008 100312q20002010xo mun g cze d
024 3 |a 8595016240714 
028 0 1 |a CSM 4054B/7-4 331  |b Československá muzika 
040 |a BOA001  |b cze 
048 |a oa01  |b vu01 
072 7 |a 784  |x Vokální hudba  |2 Konspekt  |9 9 
080 |a 784.9.085.2  |2 MRF 
080 |a 784.9.085.3  |2 MRF 
080 |a (086.7)  |2 MRF 
245 0 0 |a Perly české dechovky.  |n 7  |h [zvukový záznam] 
260 |a [Skalica] :  |b Československá muzika,  |c [200-?] 
300 |a 1 zvuková kazeta (63:17) :  |b analog, Dolby systém 
500 |a Kompaktní desky (DDD) 
505 0 0 |t Sbohem milko --  |t Sedí panna v komůrce --  |t Sedly dvě hrdličky  |t Slyšíš jak zvoní --  |t Smutná milenka --  |t Snubní prstýnek --  |t Sokolíci --  |t Stará lípa --  |t Staročeská muzika --  |t Sukýnka --  |t Suliko --  |t Šavlička --  |t Škoda lásky --  |t Šly panenky silnicí --  |t Šumař Bárta --  |t Šumařinka --  |t Šumavská ukolébavka 
511 0 |a Podhoranka ; Babouoci ; Galánečka a další 
650 0 7 |a polky (zpěv, dechový orchestr)  |7 ph321605  |2 czenas 
650 0 7 |a valčíky (zpěv, dechový orchestr)  |7 ph321673  |2 czenas 
650 0 4 |a waltzy (zpěv, dechový orchestr) 
655 7 |a zvukové kazety  |7 fd186720  |2 czenas 
710 2 |a Podhoranka (hudební skupina : Trhové Sviny, Česko)  |7 mzk2008451404 
710 2 |a Babouci (hudební skupina)  |7 ko2002159713 
710 2 |a Galánečka Kamila Bartáka (hudební skupina)  |7 ko2002148981 
910 2 |a BOA001  |b KZ-1236.629,7 
990 |a AV 
991 |b 201005 
996 6 |b 2610424353  |c KZ-1236.629,7  |l MZK  |r Sklad / do 24 hodin  |n 0  |p p.v.  |w 001115008  |u 000010  |a 1  |e BOA001  |j MZK50  |s P